<?xml version="1.0" encoding="UTF-8"?>
<record
    xmlns:xsi="http://www.w3.org/2001/XMLSchema-instance"
    xsi:schemaLocation="http://www.loc.gov/MARC21/slim http://www.loc.gov/standards/marcxml/schema/MARC21slim.xsd"
    xmlns="http://www.loc.gov/MARC21/slim">

  <leader>01055nam a2200289 i 4500</leader>
  <datafield tag="999" ind1=" " ind2=" ">
    <subfield code="c">357957</subfield>
    <subfield code="d">357957</subfield>
  </datafield>
  <controlfield tag="001">000000029130</controlfield>
  <controlfield tag="003">IT-MiSPE</controlfield>
  <controlfield tag="005">20180801153618.0</controlfield>
  <controlfield tag="008">041027s1981    it cfh   b   u000 u ita c</controlfield>
  <datafield tag="020" ind1=" " ind2=" ">
    <subfield code="a">8802036632</subfield>
  </datafield>
  <datafield tag="035" ind1=" " ind2=" ">
    <subfield code="a">(IT-RoPUS)29130</subfield>
  </datafield>
  <datafield tag="040" ind1=" " ind2=" ">
    <subfield code="a">IT-MiSPE</subfield>
    <subfield code="b">ita</subfield>
    <subfield code="c">IT-MiSPE</subfield>
  </datafield>
  <datafield tag="041" ind1="1" ind2=" ">
    <subfield code="a">ita</subfield>
    <subfield code="h">ger</subfield>
  </datafield>
  <datafield tag="082" ind1=" " ind2=" ">
    <subfield code="a">193-HEG ge sc (23183)</subfield>
  </datafield>
  <datafield tag="100" ind1="1" ind2=" ">
    <subfield code="9">36450</subfield>
    <subfield code="a">Hegel, Georg Wilhelm Friedrich,</subfield>
    <subfield code="e">autore</subfield>
    <subfield code="4">aut</subfield>
    <subfield code="d">1770-1831.</subfield>
  </datafield>
  <datafield tag="240" ind1="1" ind2="0">
    <subfield code="a">Enzyklopd&#x303;ie der philosophischen Wissenschaften im Grundrisse. Die Logik.</subfield>
    <subfield code="l">Italiano</subfield>
  </datafield>
  <datafield tag="245" ind1="1" ind2="3">
    <subfield code="a">La scienza della logica /</subfield>
    <subfield code="c">di Georg Wilhelm Friedrich Hegel ; a cura di Valerio Verra.</subfield>
  </datafield>
  <datafield tag="260" ind1=" " ind2=" ">
    <subfield code="a">Torino :</subfield>
    <subfield code="b">UTET,</subfield>
    <subfield code="c">1981.</subfield>
  </datafield>
  <datafield tag="300" ind1=" " ind2=" ">
    <subfield code="a">472 p., [7] c. di tav. :</subfield>
    <subfield code="b">ritr., facs. ;</subfield>
    <subfield code="c">24 cm</subfield>
  </datafield>
  <datafield tag="490" ind1="1" ind2=" ">
    <subfield code="a">Classici della filosofia</subfield>
  </datafield>
  <datafield tag="504" ind1=" " ind2=" ">
    <subfield code="a">Bibliografia e indice dei nomi</subfield>
  </datafield>
  <datafield tag="655" ind1=" " ind2=" ">
    <subfield code="a">Filosofia tedesca</subfield>
    <subfield code="x">Idealismo</subfield>
    <subfield code="9">57326</subfield>
  </datafield>
  <datafield tag="700" ind1="1" ind2=" ">
    <subfield code="9">82109</subfield>
    <subfield code="a">Valerio Verra</subfield>
    <subfield code="e">curatore</subfield>
    <subfield code="4">ed.</subfield>
    <subfield code="d">1928-2001</subfield>
  </datafield>
  <datafield tag="830" ind1=" " ind2="0">
    <subfield code="a">Classici della filosofia (UTET) ;</subfield>
    <subfield code="v">24.1.</subfield>
    <subfield code="9">57327</subfield>
  </datafield>
  <datafield tag="942" ind1=" " ind2=" ">
    <subfield code="a">IT-MiSPE</subfield>
    <subfield code="c">BK</subfield>
  </datafield>
  <datafield tag="952" ind1=" " ind2=" ">
    <subfield code="0">0</subfield>
    <subfield code="1">0</subfield>
    <subfield code="2">ddc</subfield>
    <subfield code="4">0</subfield>
    <subfield code="6">193HEG_GE_SC_23183</subfield>
    <subfield code="7">1</subfield>
    <subfield code="a">CINISELLO</subfield>
    <subfield code="b">CINISELLO</subfield>
    <subfield code="d">2018-08-01</subfield>
    <subfield code="l">0</subfield>
    <subfield code="o">193-HEG ge sc (23183)</subfield>
    <subfield code="p">9788802036632</subfield>
    <subfield code="r">2018-08-01 00:00:00</subfield>
    <subfield code="w">2018-08-01</subfield>
    <subfield code="y">BK</subfield>
  </datafield>
</record>
